| 000 | 00887nam a2200265Ia 4500 | ||
|---|---|---|---|
| 003 | OSt | ||
| 005 | 20260129160412.0 | ||
| 008 | 220909b |||||||| |||| 00| 0 eng d | ||
| 020 | _a8125003037 | ||
| 037 | _cReference Collections | ||
| 040 |
_aCSL _beng _cCSL |
||
| 041 | _aeng | ||
| 084 |
_aJ:(I).2 N4.4 RR _qCSL |
||
| 245 | 0 |
_aIndian Medicinal Plants _b: A Compendium of 500 Species |
|
| 260 |
_aHyderabad : _bOrient Longman Ltd , _c1994. |
||
| 300 |
_a4 v. (444p.) _b: col. ill. |
||
| 650 |
_a Economic plants _91112776 |
||
| 650 |
_a Indian _91112777 |
||
| 650 |
_aBotany _91112778 |
||
| 700 |
_aSala, Arya Vaidya _eeditor. _91112792 |
||
| 700 |
_aWarrier, P K _eeditor. _91112793 |
||
| 700 |
_aNambiar, VPK _eeditor. _91112794 |
||
| 942 |
_hJ:(I).2 N4.4 _cREF _2CC _n0 |
||
| 999 |
_c69107 _d69107 |
||